000 00713nam a2200289Ia 4500
005 20260324130800.0
008 008 260324s9999 xx 000 0 eng d
020 _a9781315565170
037 _aEBOOK
040 _aCRL
040 _beng
040 _cCRL
041 _2eng
041 _aeng
084 _qCRL
100 _aMaico M. Michielin
_91183067
245 2 _aA Shorter Commentary on Romans by Karl Barth
245 0 _bWith an Introductory Essay by Maico Michielin
260 _bTaylor and Francis
260 _c2007
365 _a
365 _b240
856 _uhttp://www.taylorfrancis.com/books/9781315565170
942 _cEBOOK
999 _c1779560
_d1779560